| 000 | 00621nam a2200277Ia 4500 | ||
|---|---|---|---|
| 001 | Z_3378 | ||
| 003 | CHAP | ||
| 008 | 220113s1998 xx 000 0 und d | ||
| 010 | _a166493 | ||
| 040 | _cCHAP | ||
| 082 | _a868 M5 | ||
| 100 |
_aMillás, Juan José _9140567 |
||
| 245 |
_aEl orden alfabético / _cpor Juan José Millás |
||
| 260 |
_aMadrid : _bAlfaguara, _c1998 |
||
| 300 | _a267 p. | ||
| 440 | _a | ||
| 500 | _a | ||
| 503 | _a200982, 200395 | ||
| 650 |
_aLiteratura española I. t. _9140434 |
||
| 901 | _a868 M5 | ||
| 902 | _aA | ||
| 910 | _a1998 | ||
| 942 | _c1 | ||
| 942 | _cc1 | ||
| 999 |
_c166493 _d166493 |
||